| 000 -LEADER |
| fixed length control field |
00855nam a2200217Ia 4500 |
| 001 - CONTROL NUMBER |
| control field |
17970 |
| 003 - CONTROL NUMBER IDENTIFIER |
| control field |
GE_BSU |
| 005 - DATE AND TIME OF LATEST TRANSACTION |
| control field |
20250227123640.0 |
| 008 - FIXED-LENGTH DATA ELEMENTS--GENERAL INFORMATION |
| fixed length control field |
181216s2007||||ru |||||||||||||| ||rus|| |
| 020 ## - INTERNATIONAL STANDARD BOOK NUMBER |
| International Standard Book Number |
9785938784321 |
| 040 ## - CATALOGING SOURCE |
| Transcribing agency |
GE_BSU |
| 041 ## - LANGUAGE CODE |
| Language code of text/sound track or separate title |
rus |
| 080 ## - UNIVERSAL DECIMAL CLASSIFICATION NUMBER |
| Universal Decimal Classification number |
159.9:37+371.2.13 Л-53 |
| 100 ## - MAIN ENTRY--PERSONAL NAME |
| Personal name |
Лефрансуа, Ги |
| 9 (RLIN) |
24423 |
| 245 ## - TITLE STATEMENT |
| Title |
Прикладная педагогическая психология : |
| Remainder of title |
Пособие для педагогов и психологов / |
| Statement of responsibility, etc. |
Ги Лефрансуа ; Научн. ред. А. Наследов. |
| 250 ## - EDITION STATEMENT |
| Edition statement |
10-е международное изд-е |
| 264 ## - PRODUCTION, PUBLICATION, DISTRIBUTION, MANUFACTURE, AND COPYRIGHT NOTICE |
| Place of production, publication, distribution, manufacture |
Санкт-Петербург : |
| Name of producer, publisher, distributor, manufacturer |
Прайм-ЕВРОЗНАК, |
| Date of production, publication, distribution, manufacture, or copyright notice |
2007. |
| 300 ## - PHYSICAL DESCRIPTION |
| Extent |
576 стр. ; |
| Dimensions |
21см. |
| 653 ## - INDEX TERM--UNCONTROLLED |
| keyword |
Прикладная педагогическая психология |
| 942 ## - ADDED ENTRY ELEMENTS (KOHA) |
| Koha item type |
წიგნი |
| Source of classification or shelving scheme |
|